000 03299nam a22004095a 4500
005 2009121708478.0
008 091120t20092006paua j 001 0 eng
010 _aB-379635-649
020 _a9788181467362
_c135.00
035 _aB-379635-649
037 _bIPD Alternatives
040 _adpl
_bEnglish
082 _aS
100 _aZacharia, Paul
245 _aJu's story /
_cby Paul Zacharia; illustrated by Asma Menon
260 _aChennai
_bTulika Publisers
_c2009
270 _a13 Prithvi Avenue First Street, Abhiramapuram
_bChennai
_e600018
300 _aunpaged :
_bill.
_c28cm(pbk)
700 _aMenon, Asma
942 _2ddc
_cCH
_mZAC
_hS
999 _c33147
_d33147